000 00551nam a2200205Ia 4500
003 OSt
005 20230328094008.0
008 210423s2006 xx 000 0 und d
020 _a521793629
040 _cAL
041 _aeng
082 _a422 STOR
100 _aSTOCKWELL (Robert);MINKOVA (Donka).
_978586
245 _aEnglish words: history and structure.
260 _aNew Delhi
_bCambridge University Press
_c2006
300 _axi,208
_bPB
365 _b1709
_cINR
906 _aEnglish ; history ; structure. ; words:
942 _2ddc
_cBK
999 _c156140
_d156140